| 000 | 01218nam a22003257a 4500 | ||
|---|---|---|---|
| 003 | CHAP | ||
| 005 | 20220329134511.0 | ||
| 008 | 971013s r 00010 d | ||
| 010 | _a21263 | ||
| 011 | _a22235 | ||
| 035 | _a26328 | ||
| 040 | _cCHAP | ||
| 090 | _aFolleto 6412 | ||
| 100 | 0 | 0 |
_aBorlaug, Norman Ernest. _913901 |
| 245 | _aRecomendaciones para el cultivo del trigo ; ciclo 1955-56 en los valles altos de la Mesa Central y del norte de México | ||
| 260 |
_aMéxico, D. F. : _bOficina de Estudios Especiales, _c(s.a.) |
||
| 300 |
_a7 p. _b: ilus. |
||
| 490 |
_aOficina de Estudios Especiales. México. Boletín de Extensión Agrícola _v; 5 |
||
| 590 |
_aBATCH-UPD _b10 _c20130110 _lUCH01 _h0033 |
||
| 590 |
_aBATCH-UPD _b10 _c20130110 _lUCH01 _h1834 |
||
| 590 |
_aBATCH-UPD _b10 _c20130409 _lUCH01 _h2016 |
||
| 590 |
_aBATCH-UPD _b10 _c20130410 _lUCH01 _h1205 |
||
| 590 |
_aBATCH-UPD _b10 _c20130914 _lUCH01 _h1849 |
||
| 590 |
_aCONVERSION _b10 _c20130109 _lUCH01 _h1313 |
||
| 650 | 1 | 4 |
_aTrigo _zMéxico. _9115130 |
| 830 | 0 |
_aOficina de Estudios Especiales. México. Boletín de Extensión Agrícola _v; 5 _982803 |
|
| 901 | _aBK | ||
| 942 | _cFOLL | ||
| 949 |
_aFolleto 6412 _bBC _cFOLL _d-60774 _eTS1 _i26328 _mD _si |
||
| 999 |
_c21263 _d21263 |
||